Statistics for Nepal Country Quiz

Click here to take the quiz!

General Stats

  • This quiz has been taken 9,955 times
    (9,904 since last reset)
  • The average score is 15 of 20

Answer Stats

HintAnswer% Correct
The tallest peak in the worldMount {Everest}
99%
Mountain range that covers most of NepalHimalayas
97%
Countries that border NepalChina
97%
Countries that border NepalIndia
96%
Capital cityKathmandu
93%
Type of natural disaster that devastated Nepal in 2015Earthquake
93%
Nepal's flag is the only national flag in the world that is not a ...Rectangle
92%
Religion that more than 80% of the population practicesHinduism
84%
Religious leader that was born in southern Nepal around 480 B.C.Buddha
80%
Ethnic group that are excellent mountain climbersSherpa
77%
Most popular sportCricket
77%
This mythical creature is said to inhabit Nepalese mountainsYeti
76%
Hairy cattle-like animal whose milk is converted to cheeseYak
76%
First people to climb that peakEdmund Hillary
72%
Name of Nepal's currencyNepalese {Rupee}
61%
First people to climb that peakTenzing Norgay
54%
Term for a Nepalese soldier that recruited for the British ArmyGurkha
52%
Famous major massif in central Nepal and world's 10th highest peakAnna{purna}
48%
Largest political partyNepal Communist Party
41%
This was abolished in 2008 after the Constituent Assembly electionsMonarchy
38%

Score Distribution

Percentile by Number Answered

Percent of People with Each Score

Your Score History

You have not taken this quiz since the last reset